Telltale's The Walking Dead Episodes - Statistics

General Stats
  • This quiz has been taken 72 times
  • The average score is 11 of 23
Answer Stats
Hint Answer % Correct
The Walking Dead A New Day
78%
The Walking Dead 400 Days
73%
The Walking Dead Starved For Help
73%
The Walking Dead: Season Two A House Divided
65%
The Walking Dead Long Road Ahead
65%
The Walking Dead No Time Left
62%
The Walking Dead Around Every Corner
59%
The Walking Dead: The Final Season Broken Toys
54%
The Walking Dead: Season Two All That Remains
51%
The Walking Dead: Season Two No Going Back
49%
The Walking Dead: The Final Season Suffer The Children
46%
The Walking Dead: The Final Season Take Us Back
43%
The Walking Dead: A New Frontier Ties That Bind - Part 1
43%
The Walking Dead: A New Frontier Ties That Bind - Part 2
43%
The Walking Dead: Season Two Amid The Ruins
41%
The Walking Dead: The Final Season Done Running
41%
The Walking Dead: A New Frontier From The Gallows
35%
The Walking Dead: Season Two In Harm's Way
35%
The Walking Dead: A New Frontier Above The Law
32%
The Walking Dead: A New Frontier Thicker Than Water
30%
The Walking Dead: Michonne In Too Deep
24%
The Walking Dead: Michonne What We Deserve
24%
The Walking Dead: Michonne Give No Shelter
22%
No matching quizzes found
Score Distribution
Percent of People with Each Score
Percentile by Number Answered
Your Score History
You have not taken this quiz